Welcome to CU Library Online Public Access Catalogue (OPAC)

The complete guide to business risk management / (Record no. 4280)

MARC details
000 -LEADER
fixed length control field 00658cam a22002054a 4500
001 - CONTROL NUMBER
control field 13842072
005 - DATE AND TIME OF LATEST TRANSACTION
control field 20250225083559.0
008 - FIXED-LENGTH DATA ELEMENTS--GENERAL INFORMATION
fixed length control field 050113s2005 enka b 001 0 eng
020 ## - INTERNATIONAL STANDARD BOOK NUMBER
International Standard Book Number 0566086611
020 ## - INTERNATIONAL STANDARD BOOK NUMBER
International Standard Book Number 9780566086618
050 00 - LIBRARY OF CONGRESS CALL NUMBER
Classification number HD61
Item number .S2 2005
082 00 - DEWEY DECIMAL CLASSIFICATION NUMBER
Classification number 658.15/5
Edition information 22
100 1# - MAIN ENTRY--PERSONAL NAME
Personal name Sadgrove, Kit.
245 14 - TITLE STATEMENT
Title The complete guide to business risk management /
Statement of responsibility, etc. Kit Sadgrove.
260 ## - PUBLICATION, DISTRIBUTION, ETC.
Place of publication, distribution, etc. Aldershot, Hants, England ;
-- Burlington, VT :
Name of publisher, distributor, etc. Gower,
Date of publication, distribution, etc. c2005.
300 ## - PHYSICAL DESCRIPTION
Extent xiv, 329 p. :
Other physical details ill. ;
Dimensions 25 cm.
650 #0 - SUBJECT ADDED ENTRY--TOPICAL TERM
Topical term or geographic name entry element Risk management.
856 41 - ELECTRONIC LOCATION AND ACCESS
Materials specified Table of contents
Uniform Resource Identifier <a href="http://www.loc.gov/catdir/toc/ecip056/2005001195.html">http://www.loc.gov/catdir/toc/ecip056/2005001195.html</a>
942 ## - ADDED ENTRY ELEMENTS (KOHA)
Source of classification or shelving scheme Library of Congress Classification
Koha item type Books
Suppress in OPAC No
999 ## -
-- 4280
-- 4280
Holdings
Withdrawn status Lost status Source of classification or shelving scheme Damaged status Not for loan Collection Home library Current library Shelving location Date acquired Total checkouts Full call number Barcode Date last seen Copy number Price effective from Koha item type
    Library of Congress Classification     Non-fiction Business Library (Miotso) Business Library (Miotso) General stacks 02/25/2025   HD61 .S2 2005 BSSM00000955 02/25/2025 1 02/25/2025 Books
    Library of Congress Classification     Non-fiction Undergraduate Library (Christ Temple) Undergraduate Library (Christ Temple) General stacks 03/12/2025   HD61.S2 SAD ulct00001666 03/12/2025 1 03/12/2025 Books
© 2023-2024 Copyright: Central University Libraries. All Rights Reserved | Created by: Mahone Tech Office